000 00673nam a2200241Ia 4500
003 OSt
005 20220925221502.0
006 a|||||r|||| 00| 0
007 ta
008 220923b |||||||| |||| 00| 0 eng d
037 _cGeneral Book
040 _aRTL
_cRTL
_beng
041 _2eng
_aeng
082 _aV3,4N.N6, K1;L3
100 _aMiliband Ralph
245 0 _aParliamentary socialism
_b A study in the politics
250 _a2
260 _aLondon
_bMerlin Press
_c1973
300 _a384p
_ccm.
650 _aConstitution Great Britain
_9231188
942 _hV3,4N.N6, K1;L3
_cGB
_2CC
999 _c574413
_d574413